| 000 -LEADER |
| fixed length control field |
01123pab a2200157 454500 |
| 008 - FIXED-LENGTH DATA ELEMENTS--GENERAL INFORMATION |
| fixed length control field |
180718b2004 xxu||||| |||| 00| 0 eng d |
| 100 ## - MAIN ENTRY--PERSONAL NAME |
| Personal name |
Behrens, Kristian |
| 245 ## - TITLE STATEMENT |
| Title |
Agglomeration without trade: how non-traded goods shape the space-economy |
| 260 ## - PUBLICATION, DISTRIBUTION, ETC. |
| Date of publication, distribution, etc. |
2004 |
| 300 ## - PHYSICAL DESCRIPTION |
| Extent |
p.68-92. |
| 362 ## - DATES OF PUBLICATION AND/OR SEQUENTIAL DESIGNATION |
| Dates of publication and/or sequential designation |
Jan |
| 520 ## - SUMMARY, ETC. |
| Summary, etc. |
We develop a spatial general equilibrium model in which the absence of interregional trade is an endogenous outcome. Extending the model developed by Ottaviano, Tabuchi, and Thisse (Int. Econ. Rev.43 (2002)409), we show that equilibria without trade differ significantly from those obtained in the presence of trade, which suggests that the presence of non-traded goods has a significant impact on spatial structures. Somewhat surprisingly, equilibrium structures without trade are richer than those with trade because partial agglomeration becomes a feasible outcome. Equilibria now depend on the ratio of mobile to immobile factors and an increase in that ratio triggers a process of spatial agglomeration. - Reproduced. |
| 650 ## - SUBJECT ADDED ENTRY--TOPICAL TERM |
| Topical term or geographic name entry element |
Trade |
| 773 ## - HOST ITEM ENTRY |
| Main entry heading |
Journal of Urban Economics |
| 909 ## - |
| -- |
59544 |